<?xml version="1.0" encoding="UTF-8"?>
<record
    xmlns:xsi="http://www.w3.org/2001/XMLSchema-instance"
    xsi:schemaLocation="http://www.loc.gov/MARC21/slim http://www.loc.gov/standards/marcxml/schema/MARC21slim.xsd"
    xmlns="http://www.loc.gov/MARC21/slim">

  <leader>01315nam a2200229Ia 4500</leader>
  <controlfield tag="001">A085-34625</controlfield>
  <controlfield tag="003">IT-CnALBA</controlfield>
  <controlfield tag="008">170116s9999||||xx |||||||||||||| ||und||</controlfield>
  <datafield tag="040" ind1=" " ind2=" ">
    <subfield code="a">IT-CnALBA</subfield>
    <subfield code="c">IT-CnALBA</subfield>
  </datafield>
  <datafield tag="041" ind1=" " ind2=" ">
    <subfield code="a">POLIGLOTTA </subfield>
  </datafield>
  <datafield tag="100" ind1=" " ind2=" ">
    <subfield code="a">BOSSUET JACQUES-BENIGNE VESCOVO DI MEAUX</subfield>
  </datafield>
  <datafield tag="245" ind1=" " ind2="0">
    <subfield code="a">DEFENSE DE LA DECLARATION DE L'ASSEMBLEE DU CLERGE DE FRANCE DE 1682. TOME XX. PUISSANCE ECCLESIASTIQUE. </subfield>
  </datafield>
  <datafield tag="250" ind1=" " ind2=" ">
    <subfield code="a">1a ed.</subfield>
  </datafield>
  <datafield tag="260" ind1=" " ind2=" ">
    <subfield code="a"> LIEGE</subfield>
    <subfield code="b">LIBRAIRES (LES) ASSOCIES </subfield>
    <subfield code="c">1768 [1&#xB0; Ed.:1768 - Ed.Ling.Originale: 1768]</subfield>
  </datafield>
  <datafield tag="300" ind1=" " ind2=" ">
    <subfield code="a">652 p. </subfield>
  </datafield>
  <datafield tag="500" ind1=" " ind2=" ">
    <subfield code="a">BIBLIOTECA CANONICO CHIESA. POTEST&#xC0; ECCLESIASTICA. NORME DEI PAPI, FUORI DEI CONCILI E DOPO GREGORIO VII. CONSONANZA DI CONCLUSIONI TRA I CONCILI ECUMENICI, DOPO GREGORIO VII, E CONTENUTI DEL PRIMO ARTICOLO DELLA DICHIARAZIONE DELL'ASSEMBLEA DEL CLERO DI </subfield>
  </datafield>
  <datafield tag="501" ind1=" " ind2=" ">
    <subfield code="a">Societ&#xE0; San Paolo EM - Piazza San Paolo, 14 - 12051 ALBA (CN)  (non commercial uses only) &#xAE; Copyright 2017</subfield>
  </datafield>
  <datafield tag="520" ind1=" " ind2=" ">
    <subfield code="a">BIBLIOTECA CANONICO CHIESA. POTEST&#xC0; ECCLESIASTICA. NORME DEI PAPI, FUORI DEI CONCILI E DOPO GREGORIO VII. CONSONANZA DI CONCLUSIONI TRA I CONCILI ECUMENICI, DOPO GREGORIO VII, E CONTENUTI DEL PRIMO ARTICOLO DELLA DICHIARAZIONE DELL'ASSEMBLEA DEL CLERO DI </subfield>
  </datafield>
  <datafield tag="650" ind1=" " ind2=" ">
    <subfield code="a">RACCOLTE DI CARATTERE GEN. IN ITALIANO</subfield>
  </datafield>
  <datafield tag="942" ind1=" " ind2=" ">
    <subfield code="c">BK</subfield>
  </datafield>
  <datafield tag="957" ind1=" " ind2=" ">
    <subfield code="7">1</subfield>
  </datafield>
  <datafield tag="999" ind1=" " ind2=" ">
    <subfield code="a">39394</subfield>
    <subfield code="b">SI </subfield>
    <subfield code="g"> Copie: 1 </subfield>
    <subfield code="c">293458</subfield>
    <subfield code="d">293458</subfield>
  </datafield>
  <datafield tag="952" ind1=" " ind2=" ">
    <subfield code="0">0</subfield>
    <subfield code="1">0</subfield>
    <subfield code="4">0</subfield>
    <subfield code="6">A_08534625</subfield>
    <subfield code="7">1</subfield>
    <subfield code="a">ALBA</subfield>
    <subfield code="b">ALBA</subfield>
    <subfield code="d">2017-01-16</subfield>
    <subfield code="l">0</subfield>
    <subfield code="o">A085-34625</subfield>
    <subfield code="r">2017-01-16 00:00:00</subfield>
    <subfield code="w">2017-01-16</subfield>
    <subfield code="y">BK</subfield>
    <subfield code="z">(data import: 16 gennaio 2017) - By Epidotti, Vaglietti. </subfield>
  </datafield>
</record>
